[Event "4NCL Division 4 South"]
[Site "Maidenhead, ENG"]
[Date "2019.11.10"]
[Round "2.143"]
[White "Carter, Dominic A"]
[Black "Ibrahim, Amir"]
[Result "1-0"]
[WhiteElo "1663"]
[BlackElo "1330"]
[PlyCount "97"]
[EventDate "2019.11.10"]
[WhiteTeam "Iceni 3"]
[BlackTeam "Barnet Knights 4"]

1. e4 e5 2. Nf3 Nc6 3. Bb5 a6 4. Ba4 Nf6 5. O-O Bc5 6. d3 O-O 7. Bxc6 dxc6 8.
Nxe5 Qe7 9. Nf3 Be6 10. Bg5 h6 11. Bh4 Bg4 12. Re1 Qd7 13. Nbd2 Nh7 14. Nc4 Ng5
15. Nce5 Qd6 16. Nxg4 f5 17. exf5 Rxf5 18. Nxg5 hxg5 19. Bg3 Qd7 20. Qe2 b6 21.
Qe6+ Qxe6 22. Rxe6 Raf8 23. Rae1 R5f7 24. c3 Kh7 25. d4 Bd6 26. Bxd6 cxd6 27.
Rxd6 c5 28. dxc5 bxc5 29. Rxa6 Rd7 30. Rae6 Rfd8 31. f3 Rd1 32. Kf2 R8d2+ 33.
R6e2 Rxe2+ 34. Rxe2 Rd6 35. Ne3 Kg6 36. Nc4 Rf6 37. Re5 g4 38. Rxc5 gxf3 39.
gxf3 Kh6 40. a4 Ra6 41. b4 g5 42. b5 Rg6 43. Rc6 g4 44. fxg4 Rxc6 45. bxc6 Kg5
46. c7 Kh4 47. c8=Q Kg5 48. Qf5+ Kh4 49. Qh5# 1-0

[Event "4NCL Division 4 South"]
[Site "Maidenhead, ENG"]
[Date "2019.11.10"]
[Round "2.144"]
[White "Willmoth, Kate"]
[Black "Balakrishnan, Kathirvel"]
[Result "0-1"]
[WhiteElo "1315"]
[BlackElo "1578"]
[PlyCount "34"]
[EventDate "2019.11.10"]
[WhiteTeam "Barnet Knights 4"]
[BlackTeam "Iceni 3"]

1. e4 Nc6 2. d4 d5 3. exd5 Qxd5 4. Nf3 Bf5 5. Nc3 Qa5 6. Bd2 O-O-O 7. Be3 e5 8.
Bd2 Nxd4 9. Nxd4 exd4 10. Ne2 Qe5 11. g3 Be4 12. Rg1 Nf6 13. f4 Qd5 14. Qc1 Bc5
15. c4 dxc3 16. Nxc3 Qc6 17. Bb5 Qe6 0-1

[Event "4NCL Division 4 South"]
[Site "Maidenhead, ENG"]
[Date "2019.11.10"]
[Round "2.145"]
[White "John, Amy"]
[Black "Wolstenholme, Scarlet"]
[Result "1/2-1/2"]
[WhiteElo "1480"]
[BlackElo "1285"]
[PlyCount "46"]
[EventDate "2019.11.10"]
[WhiteTeam "Iceni 3"]
[BlackTeam "Barnet Knights 4"]

1. e4 e5 2. Nf3 Nc6 3. Nc3 Bc5 4. Bc4 Nf6 5. O-O O-O 6. d3 h6 7. h3 d6 8. Re1
Bd7 9. a3 Nd4 10. Nxd4 exd4 11. Nd5 Nxd5 12. Bxd5 c6 13. Ba2 Qf6 14. Qh5 Be6
15. Bd2 a6 16. f4 Bxa2 17. Rxa2 Qe6 18. Raa1 Qg6 19. Qxg6 fxg6 20. g3 h5 21.
Kg2 b5 22. Bb4 Bb6 23. Rf1 Rac8 1/2-1/2

[Event "4NCL Division 4 South"]
[Site "Maidenhead, ENG"]
[Date "2019.11.10"]
[Round "2.146"]
[White "Vaidya, Pranav"]
[Black "Kent, Rowan"]
[Result "0-1"]
[WhiteElo "805"]
[BlackElo "1193"]
[PlyCount "76"]
[EventDate "2019.11.10"]
[WhiteTeam "Barnet Knights 4"]
[BlackTeam "Iceni 3"]

1. c4 e5 2. Nc3 Nf6 3. Nf3 Nc6 4. g3 Bc5 5. d3 O-O 6. Bg2 d6 7. O-O Bf5 8. Bg5
h6 9. Bxf6 Qxf6 10. a3 Qe6 11. b4 Bb6 12. Nd5 Bh3 13. Nxb6 axb6 14. e4 Bxg2 15.
Kxg2 f5 16. d4 exd4 17. Nxd4 Nxd4 18. Qxd4 Qxe4+ 19. Qxe4 fxe4 20. a4 Rf5 21.
Ra2 Raf8 22. Re2 Re8 23. h3 c6 24. Rfe1 Rfe5 25. f4 exf3+ 26. Kxf3 Rxe2 27.
Rxe2 Rxe2 28. Kxe2 Kf7 29. Ke3 Ke6 30. Ke4 d5+ 31. cxd5+ cxd5+ 32. Kd4 g6 33.
a5 bxa5 34. bxa5 Kd6 35. Kc3 Kc5 36. Kd3 Kb5 37. Kd4 Kxa5 38. Kxd5 b5 0-1

[Event "4NCL Division 4 South"]
[Site "Maidenhead, ENG"]
[Date "2019.11.10"]
[Round "2.151"]
[White "Sheard, Jack"]
[Black "Woltery, Nicolai"]
[Result "1-0"]
[WhiteElo "1847"]
[BlackElo "1864"]
[PlyCount "97"]
[EventDate "2019.11.10"]
[WhiteTeam "Surbiton 2"]
[BlackTeam "Wessex C"]

1. Nf3 c5 2. c4 Nc6 3. b3 e5 4. Bb2 d6 5. g3 g6 6. Bg2 Bg7 7. d3 Nge7 8. Nc3
O-O 9. O-O h6 10. Nd2 Be6 11. Nd5 Qd7 12. a3 Rad8 13. b4 Nc8 14. bxc5 dxc5 15.
Ne4 Bxd5 16. Nxc5 Qe7 17. cxd5 Qxc5 18. dxc6 bxc6 19. Rc1 Qb6 20. Rc2 Ne7 21.
Qa1 Rfe8 22. Bxe5 Bxe5 23. Qxe5 Nf5 24. Qb2 Nd4 25. Qxb6 axb6 26. Rb2 Nxe2+ 27.
Kh1 Rxd3 28. Bxc6 Re6 29. Bb5 Rxa3 30. Rxe2 Rxe2 31. Bxe2 Ra2 32. Bf3 b5 33.
Kg2 Rb2 34. Be4 f5 35. Rb1 Rxb1 36. Bxb1 Kg7 37. f4 Kf6 38. Kf3 b4 39. h4 b3
40. Ke3 Ke6 41. Kd4 Kd6 42. h5 gxh5 43. Bxf5 b2 44. Kc3 Kd5 45. Kxb2 Kd4 46.
Bg6 h4 47. gxh4 h5 48. Kc2 Kd5 49. Kd3 1-0

[Event "4NCL Division 4 South"]
[Site "Maidenhead, ENG"]
[Date "2019.11.10"]
[Round "2.152"]
[White "Bellers, Chris J"]
[Black "Durrant, Paul Eo"]
[Result "1-0"]
[WhiteElo "1932"]
[BlackElo "1802"]
[PlyCount "83"]
[EventDate "2019.11.10"]
[WhiteTeam "Wessex C"]
[BlackTeam "Surbiton 2"]

1. Nf3 c5 2. b3 d5 3. e3 Nf6 4. Bb2 e6 5. c4 Nc6 6. Be2 Be7 7. O-O O-O 8. cxd5
exd5 9. d4 Ne4 10. dxc5 Bxc5 11. Nbd2 Bb6 12. a3 Re8 13. b4 Bc7 14. Nb3 Ne5 15.
Nxe5 Bxe5 16. Bxe5 Rxe5 17. Nd4 Nc3 18. Qc2 Nxe2+ 19. Qxe2 Qe7 20. Rfc1 g6 21.
Rc5 Rh5 22. Rac1 Be6 23. Qf3 Qh4 24. Qg3 Qf6 25. Rc7 b6 26. Qf3 Qe5 27. Qg3 Qf6
28. Rb7 Rg5 29. Qf4 Rf5 30. Nxf5 Bxf5 31. Rb8+ Rxb8 32. Qxb8+ Kg7 33. Qc7 Kh6
34. Qf4+ Kg7 35. Qd4 Qxd4 36. exd4 Bd3 37. Rc6 b5 38. Ra6 Bc2 39. f3 Bb3 40.
Kf2 Kh6 41. Rxa7 f6 42. Ra5 1-0

[Event "4NCL Division 4 South"]
[Site "Maidenhead, ENG"]
[Date "2019.11.10"]
[Round "2.153"]
[White "Seymour, Paul"]
[Black "Lovell, William Pm"]
[Result "1/2-1/2"]
[WhiteElo "1675"]
[BlackElo "1843"]
[PlyCount "41"]
[EventDate "2019.11.10"]
[WhiteTeam "Surbiton 2"]
[BlackTeam "Wessex C"]

1. d4 d5 2. Bf4 Nf6 3. e3 e6 4. c3 c5 5. Nf3 Nc6 6. Nbd2 Bd6 7. Bg3 O-O 8. Bd3
b6 9. Ne5 Qc7 10. f4 Bb7 11. Ndf3 Nd8 12. Qe2 c4 13. Bc2 b5 14. a3 a5 15. O-O
Ne4 16. Nd2 f5 17. Bh4 Be7 18. Bxe7 Qxe7 19. Rf3 Nf7 20. Nxf7 Rxf7 21. Rh3
1/2-1/2

[Event "4NCL Division 4 South"]
[Site "Maidenhead, ENG"]
[Date "2019.11.10"]
[Round "2.154"]
[White "Krawczuk, Michael J"]
[Black "Cole, David M"]
[Result "1/2-1/2"]
[WhiteElo "1856"]
[BlackElo "1645"]
[PlyCount "28"]
[EventDate "2019.11.10"]
[WhiteTeam "Wessex C"]
[BlackTeam "Surbiton 2"]

1. e4 e6 2. d4 d5 3. Nc3 Bb4 4. Qg4 Bf8 5. e5 h5 6. Qf4 Nc6 7. Nf3 Bd7 8. a3
Qe7 9. Bd3 O-O-O 10. Be3 f6 11. exf6 gxf6 12. Qh4 Qf7 13. O-O-O Be7 14. Qh3 Nh6
1/2-1/2

[Event "4NCL Division 4 South"]
[Site "Maidenhead, ENG"]
[Date "2019.11.10"]
[Round "2.155"]
[White "Ratnesan, Radha"]
[Black "Adaway, William"]
[Result "0-1"]
[WhiteElo "1652"]
[BlackElo "1851"]
[PlyCount "136"]
[EventDate "2019.11.10"]
[WhiteTeam "Surbiton 2"]
[BlackTeam "Wessex C"]

1. d4 Nf6 2. c4 e6 3. Nf3 b6 4. Bg5 Bb7 5. e3 h6 6. Bh4 g5 7. Bg3 Ne4 8. Nbd2
Nxg3 9. hxg3 d6 10. Qc2 Bg7 11. g4 Nd7 12. O-O-O Qe7 13. Nb3 c5 14. dxc5 dxc5
15. Kb1 O-O-O 16. Nfd2 Ne5 17. f3 Rd7 18. Be2 Nc6 19. a3 Rhd8 20. Ne4 Ne5 21.
Rxd7 Rxd7 22. Rd1 Qd8 23. Rxd7 Qxd7 24. Nbd2 Ng6 25. g3 f5 26. gxf5 exf5 27.
Nc3 Qe6 28. Bd3 Ne7 29. e4 fxe4 30. Ndxe4 Kb8 31. Nb5 a6 32. Nbd6 Bc6 33. Qb3
Kc7 34. g4 Be5 35. Nf5 Bf4 36. Nxe7 Qxe7 37. Qc3 Be5 38. Qc2 Qd7 39. Qe2 Qd4
40. Ka2 Kb7 41. Qc2 Ba4 42. Qe2 Bd1 43. Qd2 Bxf3 44. Nf2 Bf4 45. Be4+ Bxe4 46.
Qxd4 cxd4 47. Nxe4 Kc6 48. b4 h5 49. gxh5 g4 50. Nf2 g3 51. Nh3 g2 52. Kb2 Be3
53. Kc2 g1=Q 54. Nxg1 Bxg1 55. h6 Bh2 56. Kd3 Be5 57. a4 a5 58. c5 axb4 59.
cxb6 Kxb6 60. Kc4 Ka5 61. Kd3 Kxa4 62. Kc2 Ka3 63. Kc1 Ka2 64. Kc2 b3+ 65. Kd3
b2 66. Ke4 Bh8 67. Kf5 b1=Q+ 68. Kg5 d3 0-1

[Event "4NCL Division 4 South"]
[Site "Maidenhead, ENG"]
[Date "2019.11.10"]
[Round "2.203"]
[White "Tucker, David S"]
[Black "Rasanen, Otto"]
[Result "1-0"]
[WhiteElo "1989"]
[BlackElo "1916"]
[PlyCount "111"]
[EventDate "2019.11.10"]
[WhiteTeam "War and Piece"]
[BlackTeam "Oxford 4"]

1. e4 c5 2. Nf3 e6 3. d4 cxd4 4. Nxd4 a6 5. g3 d5 6. e5 Nc6 7. Nxc6 bxc6 8. Bg2
Qc7 9. f4 Bc5 10. Nd2 a5 11. Nb3 Bb6 12. a4 Ba6 13. Bf1 Bxf1 14. Rxf1 Ne7 15.
Qe2 Qa7 16. Bd2 h5 17. Rf3 Nf5 18. O-O-O Ke7 19. h3 c5 20. g4 Nh4 21. Rff1 c4
22. Na1 Qd7 23. f5 hxg4 24. Bg5+ Ke8 25. fxe6 Qxe6 26. hxg4 Ng6 27. Rde1 Rb8
28. Rf5 Ne7 29. Bxe7 Kxe7 30. Ref1 Rbf8 31. Qd2 Rh3 32. Qg5+ f6 33. Qxg7+ Rf7
34. exf6+ Kd6 35. Qg8 Re3 36. Rd1 Bd4 37. Qd8+ Kc6 38. Qxa5 Rb7 39. Rxd4 c3 40.
Qa6+ Rb6 41. Qxb6+ Kxb6 42. bxc3 Rxc3 43. Rfxd5 Qe1+ 44. Kb2 Rf3 45. Nb3 Qc3+
46. Kb1 Rf1+ 47. Rd1 Rf2 48. Rb5+ Ka7 49. Rd7+ Ka8 50. Rc5 Rf1+ 51. Ka2 Ra1+
52. Nxa1 Qxc5 53. f7 Qc4+ 54. Kb2 Qc8 55. Re7 Qh8+ 56. Ka2 1-0

[Event "4NCL Division 4 South"]
[Site "Maidenhead, ENG"]
[Date "2019.11.10"]
[Round "2.209"]
[White "O'Byrne, Daniel"]
[Black "Cole, Graham"]
[Result "1/2-1/2"]
[WhiteElo "1666"]
[BlackElo "1817"]
[PlyCount "85"]
[EventDate "2019.11.10"]
[WhiteTeam "War and Piece"]
[BlackTeam "Oxford 4"]

1. d4 Nf6 2. c4 g6 3. Nc3 Bg7 4. e4 d6 5. f3 O-O 6. Bg5 h6 7. Be3 c5 8. d5 e6
9. Qd2 exd5 10. cxd5 Re8 11. Bb5 Bd7 12. Bxd7 Nbxd7 13. Nh3 a6 14. O-O Kh7 15.
Rac1 Ne5 16. b3 b5 17. Nf2 Rc8 18. Rc2 Qe7 19. Rfc1 Qb7 20. Ne2 b4 21. Nd3 Nxd3
22. Qxd3 Qb5 23. Qc4 Qxc4 24. Rxc4 Nxd5 25. Bd2 Nb6 26. R4c2 h5 27. Bf4 Bh6 28.
Rd1 Bxf4 29. Nxf4 Red8 30. Rcd2 Rc6 31. e5 d5 32. Nxd5 Nxd5 33. Rxd5 Rxd5 34.
Rxd5 c4 35. bxc4 Rxc4 36. Ra5 Rc6 37. Kf2 Kg7 38. h4 Kf8 39. Ra4 Ke7 40. Rxb4
Rc2+ 41. Kf1 Rxa2 42. f4 a5 43. Rb7+ 1/2-1/2

[Event "4NCL Division 4 South"]
[Site "Maidenhead, ENG"]
[Date "2019.11.10"]
[Round "2.201"]
[White "Panicker, Raj"]
[Black "Jackson, Gary C"]
[Result "1/2-1/2"]
[WhiteElo "1990"]
[BlackElo "1780"]
[PlyCount "108"]
[EventDate "2019.11.10"]
[WhiteTeam "Oxford 4"]
[BlackTeam "Banbury Bulldogs"]

1. c4 c5 2. g3 g6 3. Bg2 Bg7 4. Nc3 Nc6 5. d3 Nf6 6. Rb1 O-O 7. a3 a5 8. Bg5 h6
9. Bxf6 Bxf6 10. e3 d6 11. Nge2 Rb8 12. O-O Bd7 13. Nd5 Bg7 14. b4 e6 15. b5
Ne5 16. Ndc3 b6 17. h3 Bc8 18. f4 Nd7 19. d4 cxd4 20. Nxd4 Bb7 21. Ne4 Nc5 22.
Nxc5 dxc5 23. Nc6 Bxc6 24. Bxc6 Qf6 25. Qc2 Rfd8 26. Rbd1 h5 27. e4 Qb2 28.
Qxb2 Bxb2 29. a4 $11 Rd4 30. Rxd4 Bxd4+ 31. Kg2 f6 32. f5 gxf5 33. exf5 e5 34.
Bf3 h4 35. gxh4 Kh7 36. Bd5 Re8 37. Kf3 Re7 38. Re1 Rg7 39. Be6 Kh6 40. Ke4 Rg3
41. Kd5 Ra3 42. Kc6 Rxa4 43. Kxb6 Ra2 44. Ka7 a4 45. b6 a3 46. b7 Rb2 47. b8=Q
Rxb8 48. Kxb8 a2 49. Bd5 Kh5 50. Kc7 a1=Q 51. Rxa1 Bxa1 52. Kd6 Bd4 53. Ke6 e4
54. Bxe4 Kxh4 1/2-1/2

[Event "4NCL Division 4 South"]
[Site "Maidenhead, ENG"]
[Date "2019.11.10"]
[Round "2.204"]
[White "Evans, Christopher J"]
[Black "Foster, Cyril"]
[Result "1-0"]
[WhiteElo "1733"]
[BlackElo "1832"]
[PlyCount "69"]
[EventDate "2019.11.10"]
[WhiteTeam "Banbury Bulldogs"]
[BlackTeam "Oxford 4"]

1. e4 c6 2. d4 d5 3. e5 Bf5 4. g4 Bg6 5. h4 h5 6. e6 Qd6 7. exf7+ Bxf7 8. g5
Nd7 9. f4 O-O-O 10. Nc3 Be6 11. Be2 g6 12. Nf3 Bg4 13. Ne5 Nxe5 14. fxe5 Qe6
15. Bxg4 hxg4 16. Bf4 Bg7 17. Qd2 c5 18. O-O-O c4 19. Kb1 Qc6 20. Qg2 e6 21.
Qxg4 Ne7 22. Ne2 b5 23. Rh3 b4 24. Bd2 a5 25. a3 Qb6 26. Nf4 Kd7 27. axb4 axb4
28. Bxb4 Qxb4 29. Nxe6 Rb8 30. Nc5+ Ke8 31. Qd7+ Kf8 32. Rf1+ Kg8 33. b3 Qa3
34. h5 Ra8 35. Qe6+ 1-0

[Event "4NCL Division 4 South"]
[Site "Maidenhead, ENG"]
[Date "2019.11.10"]
[Round "2.207"]
[White "Terry, Sean"]
[Black "Langham, Rod E"]
[Result "1-0"]
[WhiteElo "1906"]
[BlackElo "1638"]
[PlyCount "101"]
[EventDate "2019.11.10"]
[WhiteTeam "Oxford 4"]
[BlackTeam "Banbury Bulldogs"]

1. e4 e6 2. d4 d5 3. Nc3 Bb4 4. exd5 exd5 5. Bd3 Ne7 6. Bg5 c6 7. h3 f6 8. Bf4
Bf5 9. g4 Bg6 10. Nge2 Bd6 11. Qd2 Qc7 12. Be3 Nd7 13. f4 Bxd3 14. Qxd3 Ng6 15.
Qd2 Nb6 16. b3 a5 17. a4 Nd7 $11 18. O-O-O O-O-O 19. Rdf1 Rde8 20. h4 Ndf8 21.
f5 Ne7 22. h5 h6 23. Bf4 Kd7 24. Re1 Nc8 25. Kb2 Nh7 26. Bxd6 Nxd6 27. Nf4 Ng5
28. Rxe8 Rxe8 29. Re1 Rxe1 30. Qxe1 Nc4+ $11 31. bxc4 Qxf4 32. cxd5 cxd5 33.
Nb5 b6 34. Qe2 Ne4 35. Nc3 Nxc3 36. Qe6+ Kc7 37. Kxc3 Qd6 $11 38. Qxd6+ Kxd6
39. Kd3 Kc6 40. c4 Kd6 41. cxd5 Kxd5 42. Kc3 Kd6 43. Kc4 Kc6 44. d5+ Kd6 45.
Kb5 Kxd5 46. Kxb6 Kd6 47. Kxa5 Kc5 48. Ka6 Kc6 49. Ka7 Kc7 50. a5 Kc8 51. Kb6
1-0

[Event "4NCL Division 4 South"]
[Site "Maidenhead, ENG"]
[Date "2019.11.10"]
[Round "2.202"]
[White "Staples, Neil"]
[Black "Onley, David E"]
[Result "1/2-1/2"]
[WhiteElo "1814"]
[BlackElo "2090"]
[PlyCount "89"]
[EventDate "2019.11.10"]
[WhiteTeam "Banbury Bulldogs"]
[BlackTeam "War and Piece"]

1. c4 Nf6 2. g3 g6 3. Bg2 Bg7 4. Nc3 O-O 5. e4 d6 6. Nge2 c5 7. O-O Nc6 8. d3
a6 9. a3 Rb8 10. Rb1 b5 11. cxb5 axb5 12. b4 cxb4 13. axb4 Be6 14. d4 Bd7 15.
Bg5 h6 16. Bf4 Ne8 17. Qd2 Kh7 18. Rfd1 e5 19. dxe5 Nxe5 20. Bxe5 Bxe5 21. Nd5
Bg7 22. Rbc1 Ra8 23. Qd3 Qb8 24. Nef4 Qa7 25. Qe3 f5 26. Qxa7 Rxa7 27. Nb6 Be5
28. Nxd7 Rxd7 29. Nd5 Ra7 30. exf5 Rxf5 31. Rc2 Rff7 32. Bf1 Rab7 33. Bg2 Ra7
34. Bf1 Nc7 35. Nxc7 Rfxc7 36. Rxc7+ Rxc7 37. Bxb5 Rb7 38. Bd3 Rxb4 39. Rb1 Rd4
40. Rb7+ Bg7 41. Rb3 h5 42. Kf1 h4 43. Ke2 Ra4 44. Rb5 Kh6 45. Rd5 1/2-1/2

[Event "4NCL Division 4 South"]
[Site "Maidenhead, ENG"]
[Date "2019.11.10"]
[Round "2.205"]
[White "Fielding, Michael"]
[Black "Martin, Nick J"]
[Result "0-1"]
[WhiteElo "1793"]
[BlackElo "1780"]
[PlyCount "76"]
[EventDate "2019.11.10"]
[WhiteTeam "War and Piece"]
[BlackTeam "Banbury Bulldogs"]

1. e4 e6 2. d4 d5 3. exd5 exd5 4. Bd3 c5 5. c3 Nc6 6. Be3 cxd4 7. cxd4 Nf6 8.
Nc3 Bd6 9. Nge2 O-O 10. Qb3 Re8 11. h3 a6 12. Rc1 Na5 13. Qc2 h6 14. O-O b5 15.
a3 Bb7 16. b4 Nc4 17. Bxc4 dxc4 18. a4 Qd7 19. axb5 axb5 20. Rb1 Qc6 21. d5
Nxd5 22. Nd4 Nxe3 23. fxe3 Qb6 24. Qf2 Rf8 25. Ncxb5 Be4 26. Rb2 Be5 27. Rc1
Bd3 28. Qf3 Ra6 29. Qd5 Qf6 30. Qf3 Qd8 31. Qb7 Rb6 32. Qa7 Rxb5 33. Nc6 Qc7
34. Qxc7 Bxc7 35. Nd4 Rb6 36. b5 Be5 37. Rb4 Bxd4 38. exd4 Rfb8 0-1

[Event "4NCL Division 4 South"]
[Site "Maidenhead, ENG"]
[Date "2019.11.10"]
[Round "2.208"]
[White "Joain, Danut"]
[Black "Chapman, Chas"]
[Result "1-0"]
[WhiteElo "1631"]
[BlackElo "1705"]
[PlyCount "57"]
[EventDate "2019.11.10"]
[WhiteTeam "Banbury Bulldogs"]
[BlackTeam "War and Piece"]

1. d4 d5 2. Nc3 Nf6 3. Bf4 e6 4. e3 h6 5. Bd3 Bd6 6. Bg3 O-O 7. Nf3 b6 8. Ne5
c5 9. Nb5 Bxe5 10. dxe5 Ne8 11. c3 c4 12. Bb1 a6 13. Nd4 Bd7 14. O-O Nc6 15. f4
Nxd4 16. exd4 f5 17. Qh5 Nc7 18. Rf3 Qe8 19. Qh4 Qd8 20. Qh3 Be8 21. Bh4 Qd7
22. g4 Bg6 23. gxf5 Bxf5 24. Bxf5 Rxf5 25. Qg4 Kh7 26. Rg3 Rg8 27. Qg6+ Kh8 28.
Bf6 Ne8 29. Qxh6# 1-0

[Event "4NCL Division 4 South"]
[Site "Maidenhead, ENG"]
[Date "2020.01.11"]
[Round "3.11"]
[White "Fletcher, John"]
[Black "Salmons, Calum"]
[Result "0-1"]
[WhiteElo "2015"]
[BlackElo "2057"]
[PlyCount "82"]
[EventDate "2020.01.11"]
[WhiteTeam "The Full Ponty"]
[BlackTeam "Sussex Martlets 2"]

1. d4 Nf6 2. Nc3 d5 3. Bg5 Nbd7 4. Nf3 e6 5. e4 dxe4 6. Nxe4 Be7 7. Nxf6+ Bxf6
8. Qd2 h6 9. Be3 b6 10. Bb5 Bb7 11. Ne5 Bxe5 12. dxe5 Qe7 13. Qc3 O-O-O 14.
O-O-O a6 15. Be2 Kb8 16. Rd4 Nc5 17. Qa3 Rxd4 18. Bxd4 Qg5+ 19. Qe3 Qxg2 20.
Rd1 Rd8 21. h4 Qe4 22. Bxc5 Rxd1+ 23. Bxd1 bxc5 24. Qxe4 Bxe4 25. Kd2 Kb7 26.
Ke3 Bd5 27. a3 Kc6 28. Be2 a5 29. c4 Bg2 30. f4 Kd7 31. Kd3 Ke7 32. Kc3 f6 33.
Bg4 fxe5 34. fxe5 g5 35. hxg5 hxg5 36. b4 cxb4+ 37. axb4 axb4+ 38. Kxb4 Be4 39.
Kc5 Bf5 40. Bf3 Bh3 41. Kc6 Kd8 0-1

[Event "4NCL Division 4 South"]
[Site "Maidenhead, ENG"]
[Date "2020.01.11"]
[Round "3.12"]
[White "Rogacewicz, Mikolaj"]
[Black "Adams, Mark"]
[Result "1-0"]
[WhiteElo "2057"]
[BlackElo "1966"]
[PlyCount "75"]
[EventDate "2020.01.11"]
[WhiteTeam "Sussex Martlets 2"]
[BlackTeam "The Full Ponty"]

1. d4 Nf6 2. c4 e6 3. g3 d5 4. Nf3 dxc4 5. Bg2 Bb4+ 6. Bd2 a5 7. Qc2 Bxd2+ 8.
Qxd2 c6 9. a4 Nbd7 10. Na3 Nb6 11. O-O O-O 12. Rfc1 Ne4 13. Qc2 f5 14. Nxc4 Nd5
15. e3 Kh8 16. Nfe5 Nd6 17. h4 Nxc4 18. Qxc4 Nf6 19. Bf3 Qe7 20. Qc3 Re8 21.
Kg2 Kg8 22. Ra3 Rd8 23. Qe1 Qc7 24. Rac3 Nd7 25. Rxc6 bxc6 26. Nxc6 Qb6 27.
Nxd8 Rb8 28. Nc6 Bb7 29. Nxb8 Bxf3+ 30. Kxf3 Qxb8 31. Qxa5 Qb7+ 32. d5 Nf8 33.
Qd8 exd5 34. Rc8 d4+ 35. Ke2 Qxb2+ 36. Kf1 Qb1+ 37. Kg2 Qe4+ 38. Kh2 1-0

[Event "4NCL Division 4 South"]
[Site "Maidenhead, ENG"]
[Date "2020.01.11"]
[Round "3.13"]
[White "Perrett, David C"]
[Black "Forster, Matthew"]
[Result "0-1"]
[WhiteElo "1943"]
[BlackElo "2034"]
[PlyCount "104"]
[EventDate "2020.01.11"]
[WhiteTeam "The Full Ponty"]
[BlackTeam "Sussex Martlets 2"]

1. d4 d5 2. Bg5 h6 3. Bf4 Nf6 4. e3 c5 5. Bxb8 Rxb8 6. c3 Qb6 7. Qb3 c4 8. Qxb6
axb6 9. Nd2 b5 10. f3 Bf5 11. g4 Bh7 12. Ne2 e6 13. Bg2 b4 14. Kf2 b5 15. h3
bxc3 16. Nxc3 b4 17. Ne2 c3 18. bxc3 bxc3 19. Nxc3 Rb2 20. Ke2 Bb4 21. Rhc1 Kd7
22. a3 Ba5 23. a4 Rc8 24. Ra3 Bb4 25. Rb3 Rxb3 26. Nxb3 Rxc3 27. Nc5+ Kc6 28.
Rxc3 Bxc3 29. Nd3 Bxd3+ 30. Kxd3 Bb4 31. Bf1 Kb6 32. Kc2 Ne8 33. e4 Nc7 34. Bd3
Ka5 35. Kb3 Bd2 36. Bc2 g5 37. Bd1 Be1 38. Bc2 f6 39. Bd1 Ne8 40. Bc2 Nd6 41.
exd5 exd5 42. Bh7 Nc4 43. Bg8 Nb6 44. Bf7 Bf2 45. Kc3 Kxa4 46. Be8+ Ka3 47. Bc6
Be1+ 48. Kd3 Kb2 49. Ke2 Bg3 50. Kd2 Bf4+ 51. Kd3 Kc1 52. Kc3 Bd2+ 0-1

[Event "4NCL Division 4 South"]
[Site "Maidenhead, ENG"]
[Date "2020.01.11"]
[Round "3.14"]
[White "Howell, Oliver W"]
[Black "Roberts, David L"]
[Result "1/2-1/2"]
[WhiteElo "1982"]
[BlackElo "2002"]
[PlyCount "65"]
[EventDate "2020.01.11"]
[WhiteTeam "Sussex Martlets 2"]
[BlackTeam "The Full Ponty"]

1. Nf3 Nf6 2. c4 g6 3. g3 Bg7 4. Bg2 O-O 5. O-O d6 6. d4 c6 7. Nc3 Bf5 8. Nh4
Bg4 9. h3 Be6 10. b3 d5 11. cxd5 cxd5 12. e3 Qc8 13. Qd3 Bxh3 14. Ba3 Bxg2 15.
Kxg2 Nc6 16. Nf3 Qe6 17. Rad1 Rfd8 18. Nb5 Qe4 19. Qxe4 Nxe4 20. Ne5 Bxe5 21.
dxe5 Rd7 22. f3 Ng5 23. Nd4 Nxe5 24. f4 Ng4 25. fxg5 Nxe3+ 26. Kf2 Nxd1+ 27.
Rxd1 e5 28. Nf3 Re8 29. Nh2 f5 30. gxf6 Kf7 31. Be7 Rexe7 32. fxe7 Kxe7 33. Nf3
1/2-1/2

[Event "4NCL Division 4 South"]
[Site "Maidenhead, ENG"]
[Date "2020.01.11"]
[Round "3.15"]
[White "Davies, Peter"]
[Black "Higgs, Anthony R J"]
[Result "1/2-1/2"]
[WhiteElo "1928"]
[BlackElo "2050"]
[PlyCount "57"]
[EventDate "2020.01.11"]
[WhiteTeam "The Full Ponty"]
[BlackTeam "Sussex Martlets 2"]

1. e4 d6 2. d4 Nf6 3. Nc3 Nbd7 4. Nf3 e5 5. dxe5 dxe5 6. Bc4 h6 7. O-O Be7 8.
h3 c6 9. a4 Qc7 10. Qe2 Nf8 11. Be3 g5 12. Nh2 Ng6 13. f3 Nh5 14. Rfb1 Nhf4 15.
Qe1 h5 16. Ne2 Nxe2+ 17. Bxe2 Nf4 18. b4 Be6 19. c4 c5 20. b5 Rd8 21. Rd1 Rxd1
22. Rxd1 f6 23. Ra1 Kf7 24. a5 Rd8 25. a6 b6 26. Rd1 Rd7 27. Bf1 Qd8 28. Rxd7
Qxd7 29. Qd2 1/2-1/2

[Event "4NCL Division 4 South"]
[Site "Maidenhead, ENG"]
[Date "2020.01.11"]
[Round "3.16"]
[White "Howell, Chris I"]
[Black "Hughes, Anthony"]
[Result "1/2-1/2"]
[WhiteElo "1957"]
[BlackElo "1881"]
[PlyCount "94"]
[EventDate "2020.01.11"]
[WhiteTeam "Sussex Martlets 2"]
[BlackTeam "The Full Ponty"]

1. e4 Nf6 2. e5 Nd5 3. c4 Nb6 4. c5 Nd5 5. Nc3 c6 6. Bc4 e6 7. d4 b6 8. cxb6
axb6 9. Nf3 Ba6 10. Bxa6 Nxa6 11. Nxd5 cxd5 12. Bg5 Bb4+ 13. Ke2 Be7 14. Qd2
Bxg5 15. Qxg5 Qxg5 16. Nxg5 Nb4 17. Rhc1 Nc6 18. Ke3 Ke7 19. a3 Na5 20. Rc2
Nc4+ 21. Ke2 f6 22. exf6+ gxf6 23. Nf3 Rhg8 24. g3 Kd6 25. Rd1 Rge8 26. Nd2
Rec8 27. Rdc1 Rc6 28. Nxc4+ dxc4 29. Rxc4 Kd5 30. Rxc6 dxc6 31. Ke3 Ra4 32. Rc3
Rc4 33. Rd3 Rc1 $11 34. a4 Re1+ 35. Kd2 Ra1 36. b3 Ra2+ 37. Ke3 Ra1 38. Kf4 Ra2
39. Kf3 Ra1 40. h4 Rf1 41. Ke3 Re1+ 42. Kd2 Rb1 43. g4 Rg1 44. f3 Rh1 45. h5 h6
46. Ke3 Re1+ 47. Kf4 Rg1 1/2-1/2

[Event "4NCL Division 4 South"]
[Site "Maidenhead, ENG"]
[Date "2020.01.11"]
[Round "3.21"]
[White "Patel, Devan"]
[Black "Dias, Savin"]
[Result "1/2-1/2"]
[WhiteElo "1915"]
[BlackElo "1990"]
[PlyCount "57"]
[EventDate "2020.01.11"]
[WhiteTeam "Warwickshire Select 2"]
[BlackTeam "Wood Green Youth"]

1. d4 Nf6 2. Nc3 d5 3. Bf4 Bf5 4. f3 e6 5. g4 Bg6 6. h4 h6 7. e3 Bd6 8. Nge2
Nc6 9. Bxd6 cxd6 10. Nf4 Ne7 11. Nxg6 Nxg6 12. Bd3 Ne7 13. Qe2 Qb6 14. Kf2
O-O-O 15. a4 a6 16. a5 Qc7 17. Na4 e5 18. Ra3 Nc6 19. Nb6+ Kb8 20. b4 Nxb4 21.
Rb3 Nxd3+ 22. Qxd3 $11 e4 23. Qc3 Qxc3 24. Rxc3 g5 25. h5 Rhe8 26. Rf1 Re7 27.
Kg2 exf3+ 28. Rxf3 Re6 29. Kh3 1/2-1/2

[Event "4NCL Division 4 South"]
[Site "Maidenhead, ENG"]
[Date "2020.01.11"]
[Round "3.22"]
[White "Norinkeviciute, Rasa"]
[Black "Cundy, Mark A"]
[Result "1-0"]
[WhiteElo "2018"]
[BlackElo "1872"]
[PlyCount "59"]
[EventDate "2020.01.11"]
[WhiteTeam "Wood Green Youth"]
[BlackTeam "Warwickshire Select 2"]

1. c4 f5 2. Nf3 Nf6 3. g3 g6 4. b3 Bg7 5. Bb2 O-O 6. Bg2 d6 7. O-O e5 8. e3 Nc6
9. Nc3 Qe8 10. a3 h6 11. d3 g5 12. Nd2 Qg6 13. Kh1 Ne7 14. Nd5 Nfxd5 15. cxd5
f4 16. exf4 exf4 17. Bxg7 Kxg7 18. Qc2 c6 19. Qc3+ Kg8 20. dxc6 bxc6 21. Rae1
Rf7 22. Bxc6 Nxc6 23. Re8+ Rf8 24. Rxf8+ Kxf8 25. Qxc6 Rb8 26. Qc7 Bb7+ 27. Kg1
Qe8 28. Qxd6+ Kg7 29. Rc1 Rd8 30. Rc7+ 1-0